000 00591nam a2200217Ia 4500
005 20250508165236.0
008 008 250505s9999 xx 000 0 eng d
020 _a978-0-470-65566-5
037 _aReference
040 _aFEDL
_beng
_cFEDL
041 _aeng
_2eng
084 _a320.54, BAL/RR
_qFEDL
100 _aGopal Balkrishnan Ed.
_9780257
245 0 _aMapping the Nation
260 _aLondon, UK
_bVerso Books
_c1996
300 _a329p.
365 _aGBP
_b15.99
490 _aThe Mapping Series
942 _cREF
_h320.54, BAL/RR
999 _c1394006
_d1394006